header

Critical citizens for an intercultural world (Record no. 24252)

MARC details
000 -LEADER
fixed length control field 01483nam a22003494a 4500
082 04 - DEWEY DECIMAL CLASSIFICATION NUMBER
Classification number 418/.0071
100 1# - MAIN ENTRY--AUTHOR NAME
Personal name Guilherme, Manuela,
245 10 - TITLE STATEMENT
Title Critical citizens for an intercultural world
260 ## - PUBLICATION, DISTRIBUTION, ETC. (IMPRINT)
Place of publication Clevedon ;
-- Buffalo [N.Y.] :
Name of publisher Multilingual Matters,
Year of publication c2002.
300 ## - PHYSICAL DESCRIPTION
Number of Pages xiv, 296 p. :
Other physical details ill.
490 1# - SERIES STATEMENT
Series statement Languages for intercultural communication and education ;
650 #0 - SUBJECT ADDED ENTRY--TOPICAL TERM
Topical Term Critical pedagogy.
Topical Term Multicultural education.
Topical Term Languages, Modern
856 40 - ELECTRONIC LOCATION AND ACCESS
Uniform Resource Identifier http://site.ebrary.com/lib/rucke/Doc?id=10022460

No items available.

© 2026 Rongo University
Contact us: librarian | system librarian | Rongo university